[Event "Leiria op 5th"]
[Site "Leiria"]
[Date "2017.07.16"]
[Round "5"]
[White "Bray, Jose Manuel"]
[Black "Carreira, Marcelo Costa"]
[Result "1-0"]
[WhiteElo "1785"]
[BlackElo "1643"]
[PlyCount "83"]
[EventDate "2017.07.14"]
[EventType "swiss"]
[EventRounds "5"]
[EventCountry "POR"]
[SourceTitle "EXT 2018"]
[Source "ChessBase"]
[SourceDate "2017.10.13"]
[SourceVersion "1"]
[SourceVersionDate "2017.10.13"]
[SourceQuality "1"]

1. e4 c5 2. Nf3 Nc6 3. c3 g6 4. d4 cxd4 5. cxd4 Bg7 6. Nc3 d6 7. Bc4 Qb6 8. Nd5 Qd8 9. 0-0 e6 10. Nc3 Nge7 11. d5 exd5 12. exd5 Ne5 13. Nxe5 dxe5 14. Bg5 h6 15. Bxe7 Qxe7 16. d6 Qd8 17. Ne4 0-0 18. Bd5 Rb8 19. Rc1 Kh8 20. Bb3 b6 21. Re1 f5 22. Ng3 Rb7 23. Re2 Rd7 24. Rd2 Rf6 25. Ba4 Rdf7 26. d7 Ba6 27. Rc8 Bxc8 28. dxc8Q Qxc8 29. Rd8+ Rf8 30. Rxc8 Rxc8 31. h3 Rc4 32. Bb3 Rd4 33. Qc1 Rfd6 34. Qc8+ Rd8 35. Qe6 f4 36. Ne2 R4d6 37. Qf7 Rd2 38. Nc3 Rxb2 39. Qxg6 Rf8 40. Ne4 Rb1+ 41. Kh2 Rc1 42. Ng5 1-0

[Event "POR-ch U16"]
[Site "Luso"]
[Date "2016.07.21"]
[Round "2"]
[White "Jorge, Rita Maria Osorio"]
[Black "Carreira, Marcelo Costa"]
[Result "0-1"]
[WhiteElo "1830"]
[BlackElo "1552"]
[PlyCount "63"]
[EventDate "2016.07.20"]
[EventType "swiss"]
[EventRounds "7"]
[EventCountry "POR"]
[SourceTitle "EXT 2018"]
[Source "ChessBase"]
[SourceDate "2017.10.13"]
[SourceVersion "1"]
[SourceVersionDate "2017.10.13"]
[SourceQuality "1"]

1. e4 c5 2. Nf3 Nc6 3. d4 cxd4 4. Nxd4 g6 5. c4 Bg7 6. Be3 Nf6 7. Nc3 0-0 8. Be2 d6 9. f3 Bd7 10. Qd2 Ne8 11. 0-0 Rc8 12. Rac1 a6 13. Nd5 e6 14. Nc3 Nc7 15. Rfd1 Qe7 16. Nxc6 Bxc6 17. Qxd6 Qh4 18. Qf4 Qe7 19. Bb6 e5 20. Qe3 Ne6 21. Nd5 Qe8 22. Bf1 h5 23. Ba5 Bxd5 24. cxd5 Qa4 25. dxe6 Qxa5 26. exf7+ Kh7 27. Qb3 Rc7 28. Rxc7 Qxc7 29. Bc4 b5 30. Be6 Bh6 31. g3 Kg7 32. Rd3 0-1

[Event "Coimbra Queima das Fitas op"]
[Site "Coimbra"]
[Date "2016.04.25"]
[Round "7"]
[White "Rego, Pedro Filipe"]
[Black "Carreira, Marcelo Costa"]
[Result "1-0"]
[WhiteElo "2239"]
[BlackElo "1525"]
[PlyCount "67"]
[EventDate "2016.04.22"]
[EventType "swiss"]
[EventRounds "7"]
[EventCountry "POR"]
[SourceTitle "EXT 2018"]
[Source "ChessBase"]
[SourceDate "2017.10.13"]
[SourceVersion "1"]
[SourceVersionDate "2017.10.13"]
[SourceQuality "1"]

1. e4 c5 2. Nf3 Nc6 3. d4 cxd4 4. Nxd4 g6 5. Nc3 Bg7 6. Be3 d6 7. f3 Nf6 8. Qd2 0-0 9. g4 Bd7 10. 0-0-0 Rc8 11. h4 h5 12. g5 Ne8 13. f4 Nxd4 14. Bxd4 Bc6 15. Bh3 e6 16. Rhf1 b5 17. Bxg7 Nxg7 18. Qd4 d5 19. exd5 Bb7 20. dxe6 Nxe6 21. Bxe6 fxe6 22. Qxd8 Rfxd8 23. Nxb5 Ba6 24. a4 Rf8 25. Rd6 Bxb5 26. axb5 e5 27. Rxg6+ Kh7 28. f5 Rc5 29. Rh6+ Kg7 30. f6+ Kg8 31. g6 Rcc8 32. Rxh5 Rb8 33. Rh7 Rfd8 34. f7+ 1-0

[Event "Coimbra Queima das Fitas op"]
[Site "Coimbra"]
[Date "2016.04.24"]
[Round "4"]
[White "Carreira, Marcelo Costa"]
[Black "Bastiao, Tomas"]
[Result "1-0"]
[WhiteElo "1525"]
[BlackElo "1236"]
[PlyCount "65"]
[EventDate "2016.04.22"]
[EventType "swiss"]
[EventRounds "7"]
[EventCountry "POR"]
[SourceTitle "EXT 2018"]
[Source "ChessBase"]
[SourceDate "2017.10.13"]
[SourceVersion "1"]
[SourceVersionDate "2017.10.13"]
[SourceQuality "1"]

1. e4 c5 2. Nf3 d6 3. d4 cxd4 4. Nxd4 Nc6 5. Nc3 g6 6. Be3 Bg7 7. Bc4 Nf6 8. Qd2 Ng4 9. Nxc6 bxc6 10. Bf4 0-0 11. f3 Ne5 12. Bb3 Bh3 13. Bxe5 Bxg2 14. Qxg2 Bxe5 15. Na4 Qa5+ 16. Qd2 Qxd2+ 17. Kxd2 Rfc8 18. c3 Rd8 19. Rad1 e6 20. Kc2 d5 21. exd5 cxd5 22. Nc5 d4 23. Ne4 Rac8 24. h3 Kf8 25. Rhe1 Ke7 26. Nf2 f6 27. Ng4 Bg3 28. Rxe6+ Kf8 29. Rxf6+ Kg7 30. Rf7+ Kh8 31. Nf6 d3+ 32. Rxd3 Rc7 33. Rxd8# 1-0